Selección poética /
Guardado en:
| Autor Principal: | |
|---|---|
| Otros Autores: | |
| Formato: | Libro |
| Publicado: |
Ciudad Autónoma de Buenos Aires :
Kalandraka,
2014
|
| Materias: | |
| Etiquetas: |
Agregar Etiqueta
Sin Etiquetas, Sea el primero en etiquetar este registro!
|
| LEADER | 01094nam a22002655a 4500 | ||
|---|---|---|---|
| 001 | CEM.cems018440 | ||
| 008 | 130507s2014##################000#0#####d | ||
| 005 | 20220214181348.0 | ||
| 003 | CEMS | ||
| 245 | 1 | 0 | |a Selección poética / |c Nicolás Guillén ; ilustraciones de Nelson Villalobos |
| 260 | |a Ciudad Autónoma de Buenos Aires : |b Kalandraka, |c 2014 | ||
| 300 | |a 48 p. | ||
| 505 | 0 | |a Un son para niños antillanos -- Que te corta corta -- Sapito y sapón -- ¡Adelante el elefante! -- Adivinanzas -- Canción -- Ebano real -- La muralla -- Son número 6 -- Canto negro -- Sensemayá -- Balada de los dos abuelos -- Una canción en el Magdalena | |
| 020 | |a 9789871217618 | ||
| 100 | 1 | |a Guillén, Nicolás | |
| 700 | 1 | |a Villalobos, Nelson, il. | |
| 082 | 0 | 4 | |a Cu861.6 |
| 653 | |a Literatura | ||
| 653 | |a Literatura cubana | ||
| 653 | |a Poesías | ||
| 653 | |a Poesía cubana | ||
| 653 | |a Colección Juan Gelman | ||
| 653 | |a Biblioteca Juan Gelman | ||
| 859 | |a CEMS |b BIB. CEMS - Agricultura |h Cu861.6 |i G945 |p A2238.15 |t Ej.1 | ||
| 859 | |a CEMS |b BIB. CEMS - 11 de abril |h Cu861.4 |i G945-1 |p 27416.18 |t Ej.1 | ||
